Cyclisme : Michael Matthews Victoires WT - Statistiques

Statistiques générales
  • Ce quiz a été pris 34 fois
  • Le résultat moyen est 23 sur 30
Statistiques - réponses
Années Équipe Indice Réponse % Correct
2016 ORICA-BikeExchange Étape Tour de France
100%
2017 Team Sunweb Étape Tour de France
100%
2017 Team Sunweb Étape Tour de France
100%
2022 Team BikeExchange - Jayco Étape Tour de France
100%
2013 Orica GreenEDGE Étape Tour d'Espagne
96%
2013 Orica GreenEDGE Étape Tour d'Espagne
96%
2014 Orica GreenEDGE Étape Tour d'Espagne
96%
2014 Orica GreenEDGE Étape Tour d'Italie
96%
2015 Orica GreenEDGE Étape Tour d'Italie
96%
2023 Team Jayco AlUla Étape Tour d'Italie
96%
2015 Orica GreenEDGE Étape Paris-Nice
89%
2016 ORICA-BikeExchange Prologue Paris-Nice
89%
2016 ORICA-BikeExchange Étape Paris-Nice
89%
2019 Team Sunweb Étape Tour de Catalogne
78%
2019 Team Sunweb Étape Tour de Catalogne
78%
2022 Team BikeExchange - Jayco Étape Tour de Catalogne
78%
2015 Orica GreenEDGE Étape Tour de Suisse
78%
2017 Team Sunweb Étape Tour de Suisse
78%
2018 Team Sunweb Classique Grand Prix Cycliste de Montréal
70%
2018 Team Sunweb Classique Grand Prix Cycliste de Québec
70%
2019 Team Sunweb Classique Grand Prix Cycliste de Québec
70%
2024 Team Jayco AlUla Classique Grand Prix Cycliste de Québec
70%
2018 Team Sunweb Prologue Tour de Romandie
70%
2014 Orica GreenEDGE Étape Tour du Pays Basque
59%
2015 Orica GreenEDGE Étape Tour du Pays Basque
59%
2017 Team Sunweb Étape Tour du Pays Basque
59%
2011 Rabobank Cycling Team Étape Santos Tour Down Under
52%
2018 Team Sunweb Étape BinckBank Tour
44%
2025 Team Jayco AlUla Classique Eschborn-Frankfurt
37%
2020 Team Sunweb Classique Bretagne Classic - Ouest-France
33%
Aucun quiz correspondant
Distribution des résultats
% des personnes avec chaque résultat
Percentile par nombre de réponses
Votre historique - résultats
Vous n’avez pas pris ce quiz